=LDR 00000nam 2200000 4500 =001 INLIS000000000016762 =005 20250506091517 =035 ##$$a 0010-061300000016762 =008 250506###########################0###### =041 ##$$a Ind =082 ##$$a 813.01 =090 ##$$a 813.01, Jan g =100 ##$$a Jannah, Issatul =245 1#$$a Gadis di ujung sejarah, Izzatul Jannah /$c Izzatul Jannah =260 ##$$a Tangerang :$b FBA Press,$c 2002 =300 ##$$a 195 hlm, : $b ilus ; $c 16 x 11 cm =650 #4$$a Cerita Pendek Indonesia =850 ##$$a NBPNMAT =020 ##$$a 979-3205-16-4 =084 ##$$a 813.01 JAN g =990 ##$$a 07880788 =990 ##$$a 10310003 =990 ##$$a 10310003